US States that Contain the Letter T - Statistics

General Stats
  • This quiz has been taken 173 times
    160 since last reset
  • The average score is 14 of 15
Answers on the Map
Answers color-coded by a green-red scale on the quiz's map according to % correct below.
 
Answer Stats
Answer % Correct
North Dakota
99%
South Dakota
98%
Tennessee
98%
Texas
98%
Washington
98%
Montana
97%
North Carolina
97%
South Carolina
97%
Vermont
95%
West Virginia
95%
Kentucky
93%
Massachusetts
93%
Connecticut
92%
Utah
92%
Minnesota
90%
No matching quizzes found
Score Distribution
Percent of People with Each Score
Percentile by Number Answered
Your Score History
You have not taken this quiz since the last reset